000 00603nam a2200217Ia 4500
003 OSt
005 20220918213427.0
006 a|||||r|||| 00| 0
007 ta
008 220917b |||||||| |||| 00| 0 eng d
024 _a132,659
037 _cTextual
040 _aARTS
_cARTS
_beng
041 _2eng
_aeng
082 _aX6.6-53.N3, 122J2(906)
245 0 _aAspects financial et budgetaries du development economique de l'Union Francise
260 _aNA
_bNA
_c1952
650 _aECONOMICS
942 _hX6.6-53.N3, 122J2(906)
_cTEXL
_2CC
999 _c255770
_d255770